| 000 | 00732nam a2200241Ia 4500 | ||
|---|---|---|---|
| 001 | 722 | ||
| 003 | GE_BSU | ||
| 008 | 181216s||||||||xx |||||||||||||| ||und|| | ||
| 020 | _a9992865261 | ||
| 040 | _cGE_BSU | ||
| 080 | _a811.124(075.3) | ||
| 100 | _aგაგუა,იამზე. გამყრელიძე, ეკატერინე | ||
| 245 | _alingua latina. | ||
| 245 | _bსახ.გიმნაზიისა და ლიცეუმებისთვის | ||
| 250 | _aმე-3 შესწორ. გამოც. | ||
| 260 | _aთბილისი | ||
| 260 | _b''ლოგოსი'' | ||
| 260 | _c2002 | ||
| 300 | _a279 გვ. | ||
| 541 | _h20 ლ. | ||
| 653 | _alingua latina | ||
| 942 | _cBK | ||
| 999 |
_c34899 _d34899 |
||